000 00708nam a2200229 4500
001 112619
003 ES-MaACL
005 20250826063141.0
007 t|
008 061121s1977 sp r ||||1| spa d
245 0 4 _aLos novelistas sociales españoles (1928-1936)
_b: antología /
_cJosé Esteban, Gonzalo Santonja.
250 _a1ª ed.
260 _aPamplona :
_bPeralta,
_c1977
300 _a324 p. ;
_c20 cm.
490 1 _aLibros (Peralta) ;
_v23
_9242040
700 1 _aEsteban, José,
_d1935-
_948033
700 1 _aSantonja, Gonzalo,
_d1952-
_9103451
830 0 _aLibros (Peralta) ;
_v23
_9242040
852 _aES-MaACL
_jL-7507
_bR.107504
942 _2udc
999 _c112619
_d112619